00617nam a2200157 a 450000100100000000500170001000800410002702000150006804000250008324500970010826000600020530000270026570000450029295201050033799900170044200003893420201002031428.0130507s1998 ck a 000 0 spa d a9589621341 aDO-SdBNPbspacBNPHU00aEugéne Boudin :bAnte sala del impresionismo /cpresentación Elvira Cuervo de Jaramillo. aBogotá,Colombia :bMuseo Nacional de Colombia,c1998. a86 p. :bil. ;c30 cm.1 aCuervo de Jaramillo, Elvira,epr.965201 001050718MOaPDbPDcHDd2013-05-07iLF1l0o p38934-10r2020-06-25w2020-06-25y1ZNo se presta c38424d38424